Interaktívna pomôcka pre zistenie základného čísla účtu daňovníka sa aktualizuje

Od 01.01.2012 má každý daňovník pridelené vlastné základné číslo účtu, na ktoré je povinný uhrádzať platby dane. Ide o jedinečné číslo účtu, ktoré sa skladá z predčíslia (označuje druh dane), zo základného čísla účtu (označuje daňový subjekt) a z kódu Štátnej pokladnice.

Salvato in:
Dettagli Bibliografici
Autore principale: Ihnatišinová, Denisa, 1983-
Natura: Capitolo di libro
Lingua:slovacco
Soggetti:
Tags: Aggiungi Tag
Nessun Tag, puoi essere il primo ad aggiungerne!!

MARC

LEADER 00000nla a2200000 4500
001 0159364
005 20240502072749.2
041 0 |a slo 
044 |a SK 
245 1 0 |a Interaktívna pomôcka pre zistenie základného čísla účtu daňovníka sa aktualizuje  |c Denisa Ihnatišinová 
520 |a Od 01.01.2012 má každý daňovník pridelené vlastné základné číslo účtu, na ktoré je povinný uhrádzať platby dane. Ide o jedinečné číslo účtu, ktoré sa skladá z predčíslia (označuje druh dane), zo základného čísla účtu (označuje daňový subjekt) a z kódu Štátnej pokladnice. 
610 2 0 |a dane 
610 2 0 |a daňovníci 
610 2 0 |a predpisy daňové 
610 2 0 |a priznania daňové 
610 2 0 |a úrady daňové 
610 2 0 |a správa daňová 
100 1 |a Ihnatišinová, Denisa, 1983-